| 000 | 02341 a2200241 4500 | ||
|---|---|---|---|
| 003 | NALT | ||
| 005 | 20250210102208.0 | ||
| 008 | 241004b th ||||| |||| 00| 0 tha d | ||
| 020 | _a9789742039189 | ||
| 040 | _aNALT | ||
| 090 |
_aKS 108 _bอ147ห 2566 |
||
| 100 | 0 |
_aอธิเมศร์ อมรสัมฤทธิ์โชติ _964922 |
|
| 245 | 1 | 0 |
_aหลักกฎหมายเครื่องหมายการค้า / _cอธิเมศร์ อมรสัมฤทธิ์โชติ. |
| 250 | _aพิมพ์ครั้งแรก. | ||
| 260 |
_aกรุงเทพฯ : _bนิติธรรม, _c2566. |
||
| 300 |
_a251 หน้า ; _c21 ซม. |
||
| 505 | 2 | _aบทที่ 1 ความนำ -- บทที่ 2 ความหมายและประเภทของทรัพย์สินทางปัญญา -- บทที่ 3 ความเป็นมา แนวคิดและความหมาย เครื่องหมายการค้า -- บทที่ 4 ลักษณะของเครื่องหมายการค้าอันพึงรับจดทะเบียนได้ -- บทที่ 5 ระบบการคุ้มครองเครื่องหมายการค้า -- บทที่ 6 สิทธิของเจ้าของเครื่องหมายการค้า -- บทที่ 7 การละเมิดสิทธิในเครื่องหมายการค้า -- บทที่ 8 การเพิกถอนการจดทะเบียนเครื่องหมายการค้า -- บทที่ 9 ความรับผิดทางอาญาในเครื่องหมายการค้า -- บทที่ 10 ความคาบเกี่ยวในกฎหมายเครื่องหมายการค้า. | |
| 650 | 4 |
_aเครื่องหมายการค้า _xกฎหมายและระเบียบข้อบังคับ _910789 |
|
| 650 | 4 |
_aเครื่องหมายการค้า _922837 |
|
| 942 |
_cLB _2local |
||
| 996 |
_asaiphon.d _bCATSTF _c2024-10-04 |
||
| 999 |
_c105888 _d105888 |
||
| 998 |
_j8 _k นายบัณฑิต อุทาวงค์ |
||